1486 1128 1728 1661 1671 1996 1607 1265 1105 1015 1650 1340 1486 1755 1566 1134 1018 1675 1264 1667 1804 1787 1015 1686 1486 1418 1519 1492 1097 1239 1920 1716 1636 1684 1726 1836 1013 1941 1673 1149 1328 1295 1326 1854 1034 1086 1466 1891 1192 1002 1926 1447 1460 1969 1013 1292 1685 1190 1375 1434 1136 1363 1322 1705 1829 1432 1546 1693 1265 1138 1779 1622 1018 1475 1856 1803 1430 1595 1419 1267 1007 1001 1577 1559 1356 1122 1128 1598 1556 1541 1984 1404 1509 1166 1299 1175 1131 1860 1872 BCNSPRNW ULIB Ver.6.0+V

เปลี่ยนเป็นภาษาไทย

Change to English
 แสดงรายละเอียดบรรณานุกรม
  กลับหน้าหลัก

Brief Record : Get Marc (ISO 2709) : E-mail record : QR code < ปิดหน้าต่าง
LEADER : 00000nam 2200000uu 4500
001    13399111173
003     ULIB
008    110619s2545||||th 000 0 tha d
020    9746577123
060 04 WY20.5^bว551ก 2545
100 0  วิจิตร ศรีสุพรรณ
245 10 การวิจัยทางการพยาบาล :^bหลักการและแนวปฏิบัติ /^cวิจิตรศรีสุพรรณ
250    พิมพ์ครั้งที่ 2
260    เชียงใหม่ :^bโครงการตำรา คณะพยาบาลศาสตร์มหาวิทยาลัยเชียงใหม่,^c2545
300    171 หน้า ;^c27 ซม.
650  7 การพยาบาล^xวิจัย
650  7 พยาบาล^xวิจัย
710 2  มหาวิทยาลัยเชียงใหม่. ^bคณะพยาบาลศาสตร์. ^bโครงการตำรา
945    ^p180^l0^i12860
945    ^p180^l0^i12859
945    ^p180^l0^i12857
945    ^p180^l0^i12856
945    ^p180^l0^i12855
945    ^p180^l0^i12854
945    ^p180^l0^i12852
945    ^p180^l0^i12858
945    ^p180^l0^i12853
995    เกษร
999     ^aใช้งานได้ทุกระบบ
รายการนี้ยังไม่มีแท็ก
คุณยังไม่ได้ล็อกอิน คุณสามารถมีกิจกรรมร่วมกับเว็บไซต์ได้ แต่ต้องล็อกอินก่อน ::
  ล็อกอิน

รายการสื่อสารสนเทศ

ลำดับที่ ประเภท เลขเรียก/บาร์โค้ด สถานที่ สถานะ
- ไม่พบข้อมูล -

รายการใกล้เคียง
    ผู้แต่ง [วิจิตร ศรีสุพรรณ]

BibComment


ยังไม่เคยถูกคอมเมนท์

คอมเมนท์ทรัพยากรรายการนี้
  คอมเมนท์: การวิจัยทางการพยา..


 Copyright 2026. Bcnsprnw @Library